| 000 | 01128nam a22001697a 4500 | ||
|---|---|---|---|
| 999 |
_c61596 _d61596 |
||
| 005 | 20240326163856.0 | ||
| 008 | 240326c2021 ge ||||| |||| 00| 0 geo d | ||
| 022 | _a2720-829X | ||
| 041 | _ageo | ||
| 245 |
_aკლასიკური და თანამედროვე რიტორიკის მიმომხილველი = Classical and contemporary rhetoric review : _b2021. სამეცნიერო ჟურნალი / _c ა(ა)-იპ - კლასიკური და თანამედროვე რიტორიკის კვლევითი ცენტრი; მთავარი რედაქტორი დოქტ. ნათია კენჭიაშვილი. |
||
| 260 |
_aთბილისი, _c2021. |
||
| 300 | _aV. | ||
| 653 | _aკლასიკური და თანამედროვე რიტორიკის მიმომხილველი | ||
| 653 | _aპერიოდიკა | ||
| 700 |
_aკენჭიაშვილი, ნათია _eმთავარი რედაქტორი _921523 |
||
| 942 |
_2udc _cCR |
||